Le psychisme en mouvement (Record no. 199154)

MARC details
000 -CABECERA
campo de control de longitud fija 00795nam a2200265 a 4500
003 - IDENTIFICADOR DEL NÚMERO DE CONTROL
campo de control MX-MxUPN
005 - FECHA Y HORA DE LA ÚLTIMA TRANSACCIÓN
campo de control 20240925065100.0
008 - ELEMENTOS DE LONGITUD FIJA--INFORMACIÓN GENERAL
campo de control de longitud fija 181004m20162017fr fr 000 0 fre d
020 ## - NÚMERO INTERNACIONAL NORMALIZADO PARA LIBROS
Número Internacional Estándar del Libro 9782342151008 (v.1)
020 ## - NÚMERO INTERNACIONAL NORMALIZADO PARA LIBROS
Número Internacional Estándar del Libro 9782342153071 (v.3)
035 ## - NÚMERO DE CONTROL DEL SISTEMA
Número de control de sistema UPN01000227058
040 ## - FUENTE DE LA CATALOGACIÓN
Centro catalogador/agencia de origen MX-MxUPN
Lengua de catalogación spa
Centro/agencia transcriptor MX-MxUPN
041 0# - CÓDIGO DE IDIOMA
Código de lengua del texto/banda sonora o título independiente fre
050 14 - SIGNATURA TOPOGRÁFICA DE LA BIBLIOTECA DEL CONGRESO
Número de clasificación BF145
Número de documento/Ítem P79
100 1# - ASIENTO PRINCIPAL--NOMBRE PERSONAL
Nombre de persona Lobrot, Michel,
Fechas asociadas al nombre 1924-
9 (RLIN) 29046
245 13 - MENCIÓN DE TÍTULO
Título Le psychisme en mouvement
260 ## - PUBLICACIÓN, DISTRIBUCIÓN, ETC.
Lugar de publicación, distribución, etc. París :
Nombre del editor, distribuidor, etc. Publibook,
Fecha de publicación, distribución, etc. 2016-2017.
300 ## - DESCRIPCIÓN FÍSICA
Extensión 3 volúmenes
500 ## - NOTA GENERAL
Nota general La biblioteca tiene los volúmenes 1 y 3.
505 2# - NOTA DE CONTENIDO CON FORMATO PREESTABLECIDO
Información miscelánea Volumen 1 :
Título Une nouvele théorie psychologique --
Información miscelánea Volumen 3:
Título L'Écologie humaine
650 #4 - ASIENTO SECUNDARIO DE MATERIA - TERMINO TEMATICO
Término de materia o nombre geográfico como elemento de entrada Psicología
9 (RLIN) 38
902 ## - ELEMENTOS DE DATOS B LOCAL, LDB (RLIN)
Creó Víctor Ruiz/080324
942 ## - ELEMENTOS DE PUNTO DE ACCESO ADICIONAL (KOHA)
Fuente del sistema de clasificación o colocación Library of Congress Classification
Tipo de ítem Koha Libro
Holdings
Estado de retiro Estado de pérdida Fuente del sistema de clasificación o colocación Estado dañado No para préstamo Código de colección Localización permanente Ubicación/localización actual Ubicación en estantería Fecha de adquisición Enumeración/cronología de publicación seriada Clasificación Código de barras Fecha visto por última vez Tipo de ítem Koha
    Library of Congress Classification     Colección General Bib. Gregorio Torres Quintero Bib. Gregorio Torres Quintero Planta baja 08/03/2024 v.1 BF145 P79 327195 31/12/2020 Libro
    Library of Congress Classification     Colección General Bib. Gregorio Torres Quintero Bib. Gregorio Torres Quintero Planta baja 08/03/2024 v.3 BF145 P79 327196 31/12/2020 Libro